000 00809nas a2200265 4500
001 BR2011007871
003 BR-BrBNA
005 20231205115231.0
007 ta
008 230509b bl.|||p| |||| 00| 00por d
040 _aBR-BrBNA
_bpor
_cBiblioteca Nacional de Agricultura
041 _a(Pt)
072 _aE20; E70
100 1 _aSilva, R. da S.
100 1 _aTakeushi, R.
245 1 _aMercados futuro e à vista de açúçar: uma análise empírica de eficiência versus arbitragem
650 _aAÇÚCAR
650 _aMERCADO
650 _aCONTRATO
650 _aPREÇO
650 _aLUCRO
773 0 _tRevista de Economia e Sociologia Rural (Brazil)
_xISSN 0103-2003
_g(Apr-Jun 2010), v. 48(2) p. 307-330
_wBR2011007871
909 _a202311
_bLúcia
_c55
_dLúcia Elande
942 _2AGRIS
_n0
_cANA
999 _c212749
_d212749